Stati per numero di nascite - Statistics

Statistiche generali
  • Questo quiz è stato fatto 8 volte
  • Il punteggio medio è 13 su 15
Statistiche sulle risposte
Numero di nascite Continente Nazione % Corretto
2 673 958 America del Sud Brasile
100%
10 881 567 Asia Cina
100%
2 465 005 Africa Egitto
100%
3 895 734 Africa Etiopia
100%
2 485 088 Asia Filippine
100%
23 114 000 Asia India
100%
7 923 294 Africa Nigeria
100%
4 034 953 Africa Repubblica Democratica del Congo
100%
3 722 822 America del Nord Stati Uniti
100%
3 019 672 Asia Bangladesh
83%
4 496 383 Asia Indonesia
83%
6 374 741 Asia Pakistan
83%
2 03 114 Africa Tanzania
67%
1 686 798 Africa Uganda
67%
1 885 362 America del Sud Messico
50%
Nessun quiz corrispondente trovato
Distribuzione punteggi
Percentuale di utenti per punteggio
Percentile per numero di risposta
I tuoi punteggi nel tempo
Non hai fatto questo quiz